再生回数300万回超えの乃木坂46のMV - Statistics

General Stats
  • This quiz has been taken 23 times
  • The average score is 4 of 12
Answers on the Grid
Answers color-coded by a green-red scale on the quiz's grid according to % correct below.
いつの日にか、あの歌を...
落とし物
思い出が止まらなくなる
思い出ファースト
価値あるもの
考えないようにする
口ほどにもないKISS
交感神経優位
これから
錆びたコンパス
ざぶんざざぶん
車道側
相対性理論に異議を唱える
タイムリミット片想い
チャンスは平等
冷たい水の中
歳月の轍
熱狂の捌け口
僕が手を叩く方へ
毎日がBrand new day
マシンガンレイン
友情ピアス
 
Answer Stats
Answer % Correct
404万回 チャンスは平等
63%
310万回 思い出ファースト
44%
567万回 価値あるもの
44%
324万回 錆びたコンパス
44%
517万回 車道側
44%
416万回 僕が手を叩く方へ
31%
408万回 タイムリミット片想い
25%
328万回 ざぶんざざぶん
19%
325万回 冷たい水の中
19%
529万回 毎日がBrand new day
19%
337万回 思い出が止まらなくなる
13%
411万回 考えないようにする
6%
No matching quizzes found
Score Distribution
Percent of People with Each Score
Percentile by Number Answered
Your Score History
You have not taken this quiz